Nuestra Señora de las Flores /
Guardat en:
| Autor principal: | |
|---|---|
| Altres autors: | |
| Format: | Llibre |
| Idioma: | espanyol |
| Publicat: |
México :
Juan Pablos,
1973, c1973
|
| Col·lecció: | (JP ;
1) |
| Matèries: | |
| Etiquetes: |
Sense etiquetes, Sigues el primer a etiquetar aquest registre!
|
MARC
| LEADER | 00000nam^a2200000^a^4500 | ||
|---|---|---|---|
| 001 | 000632158 | ||
| 005 | 20260521000000.0 | ||
| 009 | 20260526154617.92 | ||
| 037 | |a Acervo Xavier Clavigero | ||
| 041 | |a ESP | ||
| 082 | |a 843. |b GEN | ||
| 100 | |a Genet, Jean |e (autor) | ||
| 240 | 1 | 1 | |a [Nuestra Señora de las Flores] |
| 245 | 1 | 0 | |a Nuestra Señora de las Flores / |c J. Genet ; tr. por L. Tejada. |
| 264 | 4 | |a México : |b Juan Pablos, |c 1973, c1973 | |
| 300 | |a 267 p. | ||
| 336 | |a texto |b txt |2 rdacontenido | ||
| 337 | |a sin mediación |b n |2 rdamedio | ||
| 338 | |a volumen |b nc |2 rdasoporte | ||
| 440 | 1 | |a (JP ; |v 1) | |
| 500 | |a Traducción de: Notre-Dame-des-Fleurs | ||
| 561 | |a Ex libris de Humberto García Bedoy, ejemplar 1 | ||
| 649 | |a XX | ||
| 650 | |a Escritores Franceses - |x Memorias | ||
| 650 | |a Travestis en la Literatura | ||
| 650 | |a Delincuentes en la Literatura | ||
| 650 | |a Homosexuales en la Literatura | ||
| 650 | |a Marginados Sociales en la Literatura | ||
| 650 | |a Marginados Sociales - |x Condiciones Sociales y Culturales - |x Tema Principal | ||
| 650 | |a Novela Francesa | ||
| 650 | |a Literatura Gay y Lésbica - |z Francia | ||
| 650 | |a Literatura Autobiográfica - |z Francia | ||
| 650 | |a Literatura Francesa - |y Siglo XX | ||
| 650 | |a Homosexualidad | ||
| 650 | |a Delincuencia Juvenil | ||
| 650 | |a Marginación - |x Tema Principal | ||
| 650 | |a Zonas Marginadas en la Literatura | ||
| 650 | |a Zonas Marginadas - |z París, Francia | ||
| 650 | |a París, Francia en la Literatura | ||
| 650 | |a Genet, Jean | ||
| 700 | |a Tejada, Leonor |e (traducción) | ||
| 910 | |a Fondo General | ||
| 920 | |a Impresos - Libros | ||
| 930 | |a Colección General | ||
| 940 | |a Literatura | ||
| 905 | |a 101 | ||
| 901 | |a 058094 |b IT1 |c LIT |i 058094 |u 20260521 | ||
| 901 | |a 056022 |b IT1 |c LIT |i 056022 |u 20260521 | ||
| 902 | |a https://opac.biblio.iteso.mx/vufind/Record/000632158 | ||